[Event "Catalunya-chT Gp2"]
[Site "Barcelona"]
[Date "2015.02.07"]
[Round "3.1"]
[White "Gonzalez Alonso, Francisco"]
[Black "Morros Faura, Ricard"]
[Result "0-1"]
[WhiteElo "1891"]
[BlackElo "2196"]
[PlyCount "70"]
[EventDate "2015.01.24"]
[EventType "team-tourn"]
[EventRounds "7"]
[EventCountry "ESP"]
[SourceTitle "CBM 164 Extra"]
[Source "ChessBase"]
[SourceDate "2015.03.02"]
[SourceVersion "1"]
[SourceVersionDate "2015.03.02"]
[SourceQuality "1"]
[WhiteTeam "Sitges"]
[BlackTeam "Mollet"]
[WhiteTeamCountry "ESP"]
[BlackTeamCountry "ESP"]

1. d4 f5 2. Nf3 Nf6 3. Bf4 d6 4. h3 g6 5. e3 Bg7 6. Be2 0-0 7. 0-0 Qe8 8. c3 h6 9. Nbd2 g5 10. Bh2 Kh8 11. Ne1 e5 12. dxe5 dxe5 13. f3 Nc6 14. Nc2 a6 15. a3 Be6 16. Nb4 Nxb4 17. axb4 Nd5 18. Kf2 f4 19. exf4 exf4 20. Qc1 Bf5 21. Re1 Ne3 22. Bd1 Qh5 23. Kg1 Bxh3 24. gxh3 Qxh3 25. Rxe3 fxe3 26. Nf1 Rae8 27. Nxe3 g4 28. Ng2 g3 29. Bxg3 Qxg3 30. Qd2 Rd8 31. Qe1 Qg5 32. Qe3 Qxe3+ 33. Nxe3 Rfe8 34. Ng2 Rd2 35. Rb1 Bxc3 0-1